[Event "FTX Road to Miami KO"]
[Site "chess24.com INT"]
[Date "2022.07.14"]
[Round "1.22"]
[White "Wei, Yi"]
[Black "Sevian, Samuel"]
[Result "1-0"]
[WhiteElo "2727"]
[BlackElo "2684"]
[PlyCount "93"]
[EventDate "2022.07.14"]
[EventType "k.o."]
[EventRounds "3"]
[EventCountry "USA"]
[SourceTitle "CBM 209 Extra"]
[Source "ChessBase"]
[SourceDate "2022.09.30"]
[SourceVersion "1"]
[SourceVersionDate "2022.09.30"]
[SourceQuality "1"]

1. b3 d5 2. Bb2 Bf5 3. d3 e6 4. Nd2 Nf6 5. g3 h6 6. Bg2 Be7 7. Ngf3 O-O 8. O-O Bh7 9. Qe1 c5 10. Ne5 Nfd7 11. Nxd7 Qxd7 12. e4 Nc6 13. f4 $146 ({RR} 13. Nf3 Rac8 14. Ne5 Nxe5 15. Bxe5 c4 16. Qe2 cxd3 17. cxd3 Bg6 18. Bb2 Rfd8 19. exd5 exd5 20. Rac1 Bf8 21. Qf3 Rxc1 22. Rxc1 Qb5 23. Rc7 Bd6 24. Rc1 Bf8 25. Rc7 Qa6 26. a3 Qb6 27. Rc3 d4 {Topalov,A (2228)-Svane,R (2613) Chess.com INT 2020 0-1}) 13... Rac8 14. Qf2 Nb4 15. Rfc1 dxe4 16. Nxe4 Nc6 17. Nxc5 Qc7 18. Ne4 Rfd8 19. a3 a5 20. Rf1 Bxe4 21. Bxe4 Nd4 22. Bxd4 Rxd4 23. Kh1 Bf6 24. Rac1 Rd6 25. c4 Bd4 26. Qe2 Bc5 27. f5 Bxa3 28. Ra1 Bb4 29. Qg4 exf5 30. Rxf5 Rg6 31. Qh5 Bc3 32. Raf1 Rf6 33. Bd5 Qe7 34. Qg4 Re8 35. d4 Rxf5 36. Qxf5 Rf8 37. Qd3 Bb2 38. Kg2 Qd6 39. Rf2 Qa3 40. Qg6 Bxd4 41. Rxf7 Kh8 42. Be4 Kg8 43. Bd5 Kh8 44. Be4 Kg8 45. Rxb7 Rf2+ 46. Kh3 Qd6 47. Qh7+ 1-0

[Event "Chess.com Rapid Wk21 Swiss"]
[Site "Chess.com INT"]
[Date "2022.07.16"]
[Round "2"]
[White "Muradli, Mahammad"]
[Black "Sankalp, Gupta"]
[Result "1-0"]
[WhiteElo "2523"]
[BlackElo "2502"]
[PlyCount "87"]
[EventDate "2022.07.16"]
[EventType "swiss (rapid)"]
[EventRounds "9"]
[EventCountry "USA"]
[SourceTitle "CBM 209 Extra"]
[Source "ChessBase"]
[SourceDate "2022.09.30"]
[SourceVersion "1"]
[SourceVersionDate "2022.09.30"]
[SourceQuality "1"]

1. Nf3 d5 2. c4 d4 3. b4 f6 4. d3 e5 5. a3 a5 6. b5 Nd7 ({RR} 6... Ne7 7. e3 dxe3 8. fxe3 Nf5 9. g4 Nd6 10. Rg1 Be6 11. Qc2 Nd7 12. d4 e4 13. Nh4 f5 14. Ng2 fxg4 15. c5 Nf7 16. Nd2 Be7 17. Nxe4 a4 18. Bb2 Bb3 19. Qe2 h5 20. Nd2 Bh4+ 21. Nxh4 {Ding,L (2777)-Giri,A (2772) Wenzhou 2017 ½-½ (33)}) ({RR} 6... Bc5 7. g3 a4 8. Bg2 Be6 9. O-O Nd7 10. e3 dxe3 11. Bxe3 Bxe3 12. fxe3 Ne7 13. Nc3 Nc5 14. d4 Nb3 15. dxe5 Nxa1 16. Qxa1 O-O 17. Nd4 Bxc4 18. exf6 Ng6 19. fxg7 Rxf1+ 20. Bxf1 Bf7 21. Ne4 {Tugstumur,Y (2396)-Drozdowski,K (2450) chess.com INT 2025 1-0}) 7. g3 Nc5 8. a4 $146 ({RR} 8. Bg2 Ne7 9. a4 Be6 10. O-O Nc8 11. Ba3 Nb6 12. Bxc5 Bxc5 13. Nbd2 O-O 14. Nb3 Nd7 15. Nfd2 Rb8 16. Nxc5 Nxc5 17. Nb3 Nxb3 18. Qxb3 c5 19. bxc6 bxc6 20. Qa3 Rb4 21. Bxc6 Qc7 22. Bb5 Qc5 {Guerb,L (2295)-Dilmukhametov,A (2276) chess.com INT 2023 0-1 (38)}) 8... Bf5 9. Bg2 Qd7 10. Ba3 Bh3 11. Bxh3 Qxh3 12. Nbd2 Nh6 13. Nb3 Ne6 14. Bxf8 Rxf8 15. c5 Ng4 16. Qc2 Qg2 17. Rf1 Ng5 18. Nbd2 Nxf3+ 19. Nxf3 O-O-O 20. Qd2 e4 21. Qxa5 Kd7 22. Nh4 Qxh2 23. dxe4 Rf7 24. Nf3 Qh5 25. c6+ Ke8 26. cxb7 Qc5 27. Kd2 d3 28. Rac1 Qa3 29. Qc3 Qa2+ 30. Rc2 dxc2+ 31. Nd4 Qxa4 32. Qc6+ Kf8 33. e3 Ne5 34. Qc5+ Kg8 35. Rc1 Rfd7 36. Ke2 Nf7 37. Rxc2 Nd6 38. Qd5+ Kh8 39. Ra2 Qb4 40. Ra8 Qb2+ 41. Kf3 h5 42. b8=Q Rxb8 43. Rxb8+ Kh7 44. Qxh5# 1-0

[Event "Chess.com Rapid Wk21 Swiss"]
[Site "Chess.com INT"]
[Date "2022.07.16"]
[Round "3"]
[White "Bartel, Mateusz"]
[Black "Sankalp, Gupta"]
[Result "1-0"]
[WhiteElo "2597"]
[BlackElo "2502"]
[PlyCount "73"]
[EventDate "2022.07.16"]
[EventType "swiss (rapid)"]
[EventRounds "9"]
[EventCountry "USA"]
[SourceTitle "CBM 209 Extra"]
[Source "ChessBase"]
[SourceDate "2022.09.30"]
[SourceVersion "1"]
[SourceVersionDate "2022.09.30"]
[SourceQuality "1"]

1. Nf3 d5 2. e3 Nf6 3. b3 Bf5 4. Bb2 c6 5. Be2 h6 6. O-O e6 7. d4 Nbd7 8. c4 Bd6 9. Nc3 O-O 10. Nh4 $146 ({RR} 10. Rc1 Qe7 11. Qd2 Rad8 12. Rfd1 Bb4 13. Bd3 Bg4 14. Be2 Ne4 15. Qc2 f5 16. a3 Bd6 17. Nxe4 fxe4 18. Ne5 Bxe2 19. Qxe2 Nxe5 20. dxe5 Bxa3 21. Bxa3 Qxa3 22. Ra1 Qc5 23. b4 Qxc4 24. Qg4 Rfe8 {Fuentes de Leon,C-Melendez,M (1814) San Salvador 2021 ½-½ (67)}) 10... Bh7 11. f4 Ne4 12. Nf3 Ndf6 13. c5 Bc7 14. Nd2 b6 15. Ndxe4 Nxe4 16. Nxe4 Bxe4 17. cxb6 axb6 18. a4 Bd6 19. Rc1 Qd7 20. Bd3 f5 21. Bxe4 fxe4 22. Qg4 Rf5 23. Rc2 Raf8 24. Rfc1 c5 25. dxc5 Bxc5 26. Rxc5 bxc5 27. Rxc5 Kh7 28. Qd1 Qb7 29. Rb5 Qc6 30. Bd4 e5 31. Bxe5 Rxe5 32. fxe5 Qc3 33. Rxd5 Qxe3+ 34. Kh1 Qf2 35. h3 Qf1+ 36. Kh2 e3 37. Qd3+ 1-0

[Event "Chess.com Rapid Wk21 Swiss"]
[Site "Chess.com INT"]
[Date "2022.07.16"]
[Round "6"]
[White "Jumabayev, Rinat"]
[Black "Indjic, Aleksandar"]
[Result "1-0"]
[WhiteElo "2617"]
[BlackElo "2620"]
[PlyCount "47"]
[EventDate "2022.07.16"]
[EventType "swiss (rapid)"]
[EventRounds "9"]
[EventCountry "USA"]
[SourceTitle "CBM 209 Extra"]
[Source "ChessBase"]
[SourceDate "2022.09.30"]
[SourceVersion "1"]
[SourceVersionDate "2022.09.30"]
[SourceQuality "1"]

1. Nf3 Nf6 2. g3 b5 3. Bg2 Bb7 4. O-O d6 ({RR} 4... e6 5. Na3 a6 6. b3 c5 7. c4 Qb6 8. Bb2 d5 9. Nc2 Be7 10. cxd5 Bxd5 11. Ne3 Bb7 12. d4 Nbd7 13. d5 Bxd5 14. Nxd5 exd5 15. Nh4 Qe6 16. Qc2 O-O 17. Nf5 Rfe8 18. Bh3 Qc6 19. Rad1 {Markos,J (2571)-Bartel,M (2601) Prievidza 2009 0-1}) 5. b3 ({RR} 5. d4 g6 6. b3 Bg7 7. Bb2 O-O 8. Nbd2 Nbd7 9. c4 a6 10. Rc1 c5 11. dxc5 Nxc5 12. Qc2 Rc8 13. Rfd1 b4 14. Qb1 a5 15. Nd4 Bxg2 16. Kxg2 Qd7 17. e4 a4 18. f3 Ra8 19. Nf1 Bh6 {Shandrygin,N (2209)-Ozen,M (2252) chess.com INT 2023 0-1 (43)}) 5... c5 $146 ({RR} 5... g6 6. Bb2 Bg7 7. d4 O-O 8. c4 bxc4 9. bxc4 Nbd7 10. Nbd2 Rb8 11. Qc2 e5 12. dxe5 Ng4 13. Rab1 dxe5 14. h3 Nh6 15. c5 Bc6 16. Nb3 Rb5 17. Rfd1 Qe7 18. Nfd4 Bxg2 19. Nxb5 Bxh3 20. c6 {Bitensky,I (2378)-Paramonov,D (2354) Rethymno 2003 1-0 (35)}) 6. c4 a6 7. d4 cxd4 8. cxb5 axb5 9. Nxd4 Bxg2 10. Kxg2 Qb6 11. Qd3 b4 12. a4 bxa3 13. Nxa3 Qb7+ 14. f3 Nbd7 15. Bb2 g6 16. Nab5 Rc8 17. Ra7 Qb6 18. Rc1 Rxc1 19. Bxc1 Bg7 20. Nc7+ Kd8 21. Be3 Nc5 22. Qc4 Kc8 23. Ndb5 Nfd7 24. Nd5 1-0

[Event "Chess.com Rapid Wk21 Swiss"]
[Site "Chess.com INT"]
[Date "2022.07.16"]
[Round "9"]
[White "Hakobyan, Aram"]
[Black "Robson, Ray"]
[Result "1-0"]
[WhiteElo "2612"]
[BlackElo "2682"]
[PlyCount "77"]
[EventDate "2022.07.16"]
[EventType "swiss (rapid)"]
[EventRounds "9"]
[EventCountry "USA"]
[SourceTitle "CBM 209 Extra"]
[Source "ChessBase"]
[SourceDate "2022.09.30"]
[SourceVersion "1"]
[SourceVersionDate "2022.09.30"]
[SourceQuality "1"]

1. Nf3 d5 2. b3 Bf5 3. Bb2 e6 4. g3 h6 5. Bg2 Nf6 6. d3 Be7 7. Nbd2 O-O 8. O-O a5 9. a3 Bh7 10. Re1 a4 ({RR} 10... Nbd7 11. e4 c6 12. Qe2 b5 13. Ne5 Nxe5 14. Bxe5 Nd7 15. Bb2 Bf6 16. e5 Be7 17. f4 Rb8 18. Kh1 c5 19. g4 c4 20. Bd4 cxd3 21. cxd3 Nc5 22. Bxc5 Bxc5 23. Rf1 Re8 24. Nf3 Qe7 25. Bh3 {Apaar Saxena (2183)-Pajcin,L (2238) Senta SRB 2025 0-1 (76)}) 11. b4 c5 12. b5 Nbd7 13. c4 $146 ({RR} 13. e4 Nb6 14. c4 dxc4 15. dxc4 Qd3 16. Qe2 Qxe2 17. Rxe2 Rad8 18. Rae1 Ne8 19. Bc3 Rd3 20. Re3 Rxe3 21. Rxe3 Nd6 22. Ne5 f6 23. Ba5 Ndc8 24. Nef3 Rd8 25. Bh3 Kf7 26. e5 Rd3 27. Rxd3 Bxd3 {Poschadel,A (1941)-Mahdian,A (2212) Europe Echecs INT 2021 ½-½ (66)}) 13... d4 14. e4 e5 15. Nh4 Bd6 16. Bc1 Bc7 17. Rf1 Re8 18. Ra2 Nf8 19. h3 Ne6 20. Ndf3 Kh8 21. Nh2 Ng8 22. Nf5 Ne7 23. Nxe7 Qxe7 24. f4 exf4 25. gxf4 g5 26. f5 Nf4 27. Bxf4 Bxf4 28. Qh5 Bxh2+ 29. Kxh2 Qf6 30. Rf3 b6 31. Rg3 Re5 32. Bf3 Qg7 33. h4 f6 34. hxg5 hxg5 35. Rh3 Kg8 36. Kh1 Ra7 37. Rah2 Ree7 38. Qg4 Qf8 39. Rh6 1-0

[Event "Dortmund GER Grand Prix"]
[Site "Dortmund"]
[Date "2022.07.23"]
[Round "6"]
[White "Eljanov, Pavel"]
[Black "Bluebaum, Matthias"]
[Result "1-0"]
[WhiteElo "2681"]
[BlackElo "2673"]
[PlyCount "105"]
[EventDate "2022.07.17"]
[EventType "tourn"]
[EventRounds "7"]
[EventCountry "GER"]
[EventCategory "17"]
[SourceTitle "CBM 209 Extra"]
[Source "ChessBase"]
[SourceDate "2022.09.30"]
[SourceVersion "1"]
[SourceVersionDate "2022.09.30"]
[SourceQuality "1"]

1. Nf3 d5 2. g3 Bg4 3. Bg2 e6 4. h3 Bh5 5. O-O Nf6 6. c4 c6 7. Qb3 Qb6 8. d3 Be7 9. Be3 Qxb3 10. axb3 Bxf3 11. Bxf3 a6 $146 ({RR} 11... Na6 12. Bg2 O-O 13. Nd2 Bc5 14. Bxc5 Nxc5 15. Ra3 a6 16. b4 Ncd7 17. Rfa1 Nb6 18. Rc1 Rfd8 19. Nb3 g6 20. Ra5 Rab8 21. b5 axb5 22. cxb5 Rdc8 23. bxc6 Rxc6 24. Rxc6 bxc6 25. Nd4 Nbd7 26. Nxc6 {Harutyunyan,T (2511)-Hovhannisyan,R (2597) Yerevan ARM 2023 ½-½}) 12. Bd4 Nbd7 13. Bc3 O-O 14. b4 Bd6 15. Nd2 e5 16. Nb3 dxc4 17. dxc4 e4 18. Bg2 Be5 19. Rfd1 Rfe8 20. Bxe5 Rxe5 21. c5 Kf8 22. Na5 Rb8 23. Rd4 Ke7 24. Rad1 Nf8 25. Rd6 Re6 26. R1d4 Ke8 27. Nc4 Ke7 28. Na5 Ke8 29. Rxe6+ Nxe6 30. Rc4 e3 31. fxe3 Nd7 32. h4 f5 33. Bh3 g6 34. e4 Ne5 35. Rc3 Nd4 36. Kf2 Ke7 37. exf5 Nxf5 38. g4 Nh6 39. Re3 Nhf7 40. Nc4 Ke6 41. g5+ Kd5 42. Nb6+ Kd4 43. Ra3 h5 44. e3+ Ke4 45. Ke2 Ng4 46. Nd7 Rd8 47. Rd3 Kf5 48. Rd4 Re8 49. Rf4+ Ke6 50. Nf6 Rh8 51. Nxg4 hxg4 52. Bxg4+ Ke7 53. Re4+ 1-0

[Event "Titled Tuesday intern op 19th Jul Late"]
[Site "Chess.com INT"]
[Date "2022.07.19"]
[Round "8"]
[White "Nakamura, Hikaru"]
[Black "Martinez Alcantara, Jose Eduardo"]
[Result "1-0"]
[WhiteElo "2760"]
[BlackElo "2591"]
[PlyCount "265"]
[EventDate "2022.07.19"]
[EventType "swiss (blitz)"]
[EventRounds "11"]
[EventCountry "USA"]
[SourceTitle "EXT 2023"]
[Source "ChessBase"]
[SourceDate "2022.10.05"]
[SourceVersion "1"]
[SourceVersionDate "2022.10.05"]
[SourceQuality "1"]

1. Nf3 Nf6 2. b3 b6 3. g3 Bb7 4. Bb2 g6 5. Bxf6 exf6 6. Bg2 Bg7 7. O-O O-O 8. d4 $146 ({RR} 8. c4 f5 9. Nc3 Nc6 10. e3 Ne5 11. Nxe5 Bxg2 12. Kxg2 Bxe5 13. d4 Bg7 14. f4 {½-½ (14) Shanava,K (2490)-Arutinian,D (2552) Olomouc 2006}) 8... c5 9. e3 d5 10. Nc3 Na6 11. Ne2 Rc8 12. c3 Qe7 13. Qd2 Rfd8 14. Rfd1 Nc7 15. Rac1 Ne6 16. Nf4 f5 17. h4 h5 18. Nh3 Nc7 19. Ne1 Ne8 20. Nd3 Nf6 21. Ndf4 Ne4 22. Qe1 Rc7 23. b4 c4 24. a4 a6 25. Ra1 Qe8 26. a5 b5 27. Rac1 Qe7 28. Rc2 Qe8 29. Rb1 Re7 30. Kh2 Qd7 31. Re2 Rde8 32. Ng5 Nf6 33. Kg1 Bh6 34. Qf1 Qd6 35. Nfh3 Ng4 36. Nf4 Kg7 37. Ngh3 Nf6 38. Bf3 Ne4 39. Rc1 Kg8 40. Qg2 Qf6 41. Ree1 Bc6 42. Qh1 Bb7 43. Qg2 Bc6 44. Kh1 Bb7 45. Qf1 Nd2 46. Qe2 Ne4 47. Kg1 Rd8 48. Bg2 Bc6 49. Qc2 Bb7 50. Kh2 Qd6 51. Ng1 Nf6 52. Nf3 Ng4+ 53. Kg1 Rde8 54. Qd2 Bc6 55. Rcd1 Bb7 56. Qc1 Kg7 57. Rd2 Rd8 58. Red1 Rde8 59. Ne5 Kh7 60. Qc2 Kg7 61. Nf3 Rd8 62. Re2 Rde8 63. Rde1 Kg8 64. Nd2 Nf6 65. Nf1 Ne4 66. f3 Nf6 67. Nh3 Nh7 68. f4 Nf6 69. Ng5 Ng4 70. Qd2 f6 71. Nh3 Re6 72. Nf2 Nxf2 73. Rxf2 Bf8 74. Bf3 Qd7 75. Rfe2 Bd6 76. Qd1 R6e7 77. Rd2 Rg7 78. Bg2 Bc7 79. Qf3 Ree7 80. Rf2 Re8 81. Qe2 Kf8 82. Bf3 Ke7 83. Rg2 Kd8 84. Qf2 Rge7 85. Bd1 Kc8 86. Bc2 Kb8 87. Qf3 Bd6 88. Rge2 Re4 89. Bxe4 dxe4 90. Qg2 Bd5 91. Nd2 Rg8 92. Kf2 Qe7 93. Rh1 Rh8 94. Qh3 Rc8 95. Ke1 Bxb4 96. Nb1 Bxa5 97. Ra2 Qc7 98. Rhh2 Kb7 99. Rhb2 Bb6 100. Qg2 Qd7 101. Ra1 Ra8 102. Qc2 Bc6 103. Qd2 Qd5 104. Na3 Bc7 105. Nc2 a5 106. Na3 Kc8 107. Rab1 Rb8 108. Ra2 Bd6 109. Qe2 Kd7 110. Kf2 Ke7 111. Raa1 Kd7 112. Ra2 Bc7 113. Rab2 Kc8 114. Ra1 Bd6 115. Rbb1 Bc7 116. Qa2 g5 117. Nc2 Kd8 118. Qa3 Kd7 119. Qc5 Qd6 120. Qxd6+ Bxd6 121. Rxa5 gxh4 122. gxh4 Kc7 123. d5 Bd7 124. Nd4 Kb6 125. Raxb5+ Bxb5 126. Rxb5+ Kc7 127. Rxb8 Kxb8 128. Nxf5 Bc5 129. Ng7 Kc7 130. Nxh5 Be7 131. Ng7 Bf8 132. Ne6+ Kd7 133. Nxf8+ 1-0

[Event "Chess.com Rapid Wk22 Swiss"]
[Site "Chess.com INT"]
[Date "2022.07.23"]
[Round "2"]
[White "Moussard, Jules"]
[Black "Jumabayev, Rinat"]
[Result "1-0"]
[WhiteElo "2672"]
[BlackElo "2617"]
[PlyCount "61"]
[EventDate "2022.07.23"]
[EventType "swiss (rapid)"]
[EventRounds "9"]
[EventCountry "USA"]
[SourceTitle "CBM 209 Extra"]
[Source "ChessBase"]
[SourceDate "2022.09.30"]
[SourceVersion "1"]
[SourceVersionDate "2022.09.30"]
[SourceQuality "1"]

1. Nf3 d5 2. b3 c5 3. e3 a6 4. Bb2 Nc6 5. d4 Bg4 6. dxc5 e5 7. Be2 Bxf3 8. Bxf3 e4 9. Be2 Qg5 $146 ({RR} 9... Nf6 10. Bd4 Be7 11. c3 O-O 12. b4 a5 13. Bb5 Nxd4 14. Qxd4 axb4 15. cxb4 Ng4 16. Nc3 Bf6 17. Qd2 Ra3 18. Rc1 Nxf2 19. O-O Ng4 20. h3 Nxe3 21. Qxe3 Bxc3 22. Rxc3 d4 23. Qxe4 dxc3 24. Bc4 {Bashkite,V (2131)-Burtasova,A (2220) Serpukhov 2004 ½-½}) 10. O-O Nf6 11. c4 Rd8 12. cxd5 Qxd5 13. Qxd5 Rxd5 14. Bxf6 gxf6 15. Nc3 Re5 16. Rac1 f5 17. Na4 Bh6 18. g3 Ke7 19. Rfd1 Rd8 20. Bc4 Rxd1+ 21. Rxd1 Na5 22. Bd5 Bf8 23. Nb6 Bg7 24. b4 Nc6 25. a3 a5 26. Nc4 axb4 27. Nxe5 Nxe5 28. axb4 Nd3 29. Bxb7 Nxb4 30. Bc8 Kf6 31. c6 1-0

[Event "Chess.com Rapid Wk22 Swiss"]
[Site "Chess.com INT"]
[Date "2022.07.23"]
[Round "7"]
[White "Kovalev, Vladislav"]
[Black "Vokhidov, Shamsiddin"]
[Result "1-0"]
[WhiteElo "2623"]
[BlackElo "2552"]
[PlyCount "55"]
[EventDate "2022.07.23"]
[EventType "swiss (rapid)"]
[EventRounds "9"]
[EventCountry "USA"]
[SourceTitle "CBM 209 Extra"]
[Source "ChessBase"]
[SourceDate "2022.09.30"]
[SourceVersion "1"]
[SourceVersionDate "2022.09.30"]
[SourceQuality "1"]

1. e4 c5 2. Nf3 e6 3. d3 d5 4. Nbd2 Nc6 5. g3 Bd6 6. Bg2 Nge7 7. O-O O-O 8. Re1 Bc7 9. h4 b5 ({RR} 9... h6 10. a3 a5 11. a4 e5 12. b3 Bg4 13. Bb2 f6 14. Nf1 dxe4 15. dxe4 Qxd1 16. Rexd1 Nd4 17. Nxd4 exd4 18. Re1 Nc6 19. Ba3 Nb4 20. Bxb4 axb4 21. Nd2 d3 22. cxd3 Be5 23. Ra2 Rfd8 24. Nc4 {Pap,M (2415)-Portisch,L (2599) Hungary 2002 ½-½ (38)}) ({RR} 9... e5 10. exd5 Nxd5 11. Ne4 b6 12. Nc3 Nxc3 13. bxc3 Bg4 14. Bb2 Qd7 15. Qc1 Rae8 16. c4 Nd4 17. Bxd4 exd4 18. Qa3 Bb8 19. Qa6 f5 20. Ng5 f4 21. Bd5+ Kh8 22. Rxe8 Qxe8 23. Qb7 Bh5 24. g4 {Sheng,J (2482)-Wongso,S (2216) San Jose CA USA 2024 1-0 (47)}) 10. h5 h6 $146 ({RR} 10... f6 11. Qe2 d4 12. h6 g6 13. e5 f5 14. a4 bxa4 15. Nc4 Nd5 16. Bg5 Qd7 17. Bf6 Ba6 18. Bg7 Rfe8 19. Rxa4 Bb5 20. Raa1 a5 21. Ng5 a4 22. Nd6 Bxd6 23. exd6 Qxd6 24. Qf3 Ncb4 25. Re2 {Raisanen,K-Kekki,P (2273) Vantaa 2003 0-1 (38)}) 11. e5 f6 12. exf6 Rxf6 13. c4 bxc4 14. dxc4 Ba6 15. Nb3 Bxc4 16. Nxc5 Qd6 17. b3 Qxc5 18. Be3 Qb5 19. bxc4 Qxc4 20. Rc1 Qa6 21. Nd4 Be5 22. Nxc6 Nxc6 23. Bf1 Qb7 24. Qa4 Ne7 25. Ba6 Qb8 26. f4 Bc7 27. Qd7 d4 28. Rxc7 1-0

[Event "Zagreb SuperUnited Blitz"]
[Site "Zagreb"]
[Date "2022.07.23"]
[Round "3"]
[White "Nepomniachtchi, Ian"]
[Black "Saric, Ivan"]
[Result "1-0"]
[WhiteElo "2766"]
[BlackElo "2680"]
[PlyCount "67"]
[EventDate "2022.07.23"]
[EventType "tourn (blitz)"]
[EventRounds "18"]
[EventCountry "CRO"]
[EventCategory "21"]
[SourceTitle "CBM 209 Extra"]
[Source "ChessBase"]
[SourceDate "2022.09.30"]
[SourceVersion "1"]
[SourceVersionDate "2022.09.30"]
[SourceQuality "1"]

1. Nf3 Nf6 2. g3 d5 3. Bg2 g6 4. O-O Bg7 5. c4 dxc4 6. Qa4+ Nfd7 7. Qxc4 O-O 8. Qc2 ({RR} 8. d4 Nb6 9. Qc2 Nc6 10. Rd1 Bf5 11. e4 Bg4 12. d5 Bxf3 13. Bxf3 Nd4 14. Qd3 c6 15. Bg2 cxd5 16. Nc3 dxe4 17. Qxe4 e5 18. Qxb7 Qc8 19. Qe4 Rb8 20. Be3 f5 21. Qh4 f4 22. Bxd4 exd4 {Kubicka,A (2292)-Balajayeva,K (2371) Rhodes GRE 2024 0-1 (32)}) ({RR} 8. d3 Nc6 9. Nc3 h6 10. Qh4 e5 11. Qxd8 Nxd8 12. Bd2 c6 13. Ne4 Ne6 14. Nd6 Rd8 15. Rab1 a5 16. Rfc1 Ndc5 17. Nxc8 Rdxc8 18. Be3 Nd7 19. Nd2 Nd4 20. Kf1 Nf5 21. Bh3 Nxe3+ 22. fxe3 f5 {Demidov,M (2526)-Saric,I (2652) Tornelo INT 2020 1-0 (63)}) 8... Nc6 9. Nc3 Nb6 10. b3 $146 ({RR} 10. d3 h6 11. Be3 e5 12. Ne4 Nd4 13. Nxd4 exd4 14. Bd2 f5 15. Nc5 c6 16. b4 Kh7 17. a4 Nd5 18. b5 cxb5 19. axb5 Nc3 20. Bxc3 dxc3 21. e3 Rb8 22. d4 b6 23. Nd3 Bd7 24. Rfb1 Qc7 {Goganov,A (2608)-Makarov,M (2505) St Petersburg 2014 1-0 (45)}) 10... Bf5 11. d3 Qd7 12. Bb2 Bh3 13. Ne4 Bxg2 14. Kxg2 Nb4 15. Qd2 Bxb2 16. Qxb2 c6 17. h4 h5 18. Qe5 f6 19. Qf4 N4d5 20. Qh6 Qe8 21. Nc5 e5 22. Nxb7 Qf7 23. Nd6 Qg7 24. Qxg7+ Kxg7 25. Rfc1 Ne7 26. Nd2 Rfd8 27. Nb7 Rd5 28. Ne4 f5 29. Nec5 a5 30. Ne6+ Kf6 31. Nc7 Ra7 32. Nxd5+ cxd5 33. Rc7 Na8 34. Rd7 1-0

[Event "Titled Tuesday intern op 26th Jul Early"]
[Site "Chess.com INT"]
[Date "2022.07.26"]
[Round "4"]
[White "Chigaev, Maksim"]
[Black "Sychev, Klementy"]
[Result "1-0"]
[WhiteElo "2632"]
[BlackElo "2534"]
[PlyCount "55"]
[EventDate "2022.07.26"]
[EventType "swiss (blitz)"]
[EventRounds "11"]
[EventCountry "USA"]
[SourceTitle "EXT 2023"]
[Source "ChessBase"]
[SourceDate "2022.10.05"]
[SourceVersion "1"]
[SourceVersionDate "2022.10.05"]
[SourceQuality "1"]

1. Nf3 e6 2. g3 b5 3. Bg2 Bb7 4. O-O Nf6 5. d3 Be7 6. a4 b4 7. e4 d5 8. Nbd2 O-O 9. Re1 c5 10. e5 Nfd7 11. h4 Nc6 12. Nf1 a5 $146 ({RR} 12... Qb6 13. N1h2 Rae8 14. Bh3 Kh8 15. Bf4 f6 16. exf6 Bxf6 17. Bxe6 Nce5 18. Bh3 Qc6 19. Nxe5 Nxe5 20. Bg2 Ng6 21. Rxe8 Rxe8 22. Bc1 Qe6 23. Kf1 Ba6 24. Nf3 b3 25. c3 Qf5 26. Be3 Bxc3 27. Qxb3 {Dors,R (2228)-Rojicek,V (2424) Slovakia 2013 0-1 (39)}) 13. N1h2 Qc8 14. Bg5 f6 15. exf6 Bxf6 16. Bxf6 Nxf6 17. Bh3 Re8 18. Ng5 Nd8 19. Ng4 Nxg4 20. Qxg4 Ra6 21. Qh5 Qc6 22. Qxh7+ Kf8 23. Bxe6 Rxe6 24. Qh8+ Ke7 25. Qxg7+ Kd6 26. Nxe6 Nxe6 27. Rxe6+ Kxe6 28. Re1+ 1-0

[Event "Titled Tuesday intern op 26th Jul Late"]
[Site "Chess.com INT"]
[Date "2022.07.26"]
[Round "7"]
[White "Aravindh, Chithambaram VR"]
[Black "Makarian, Rudik"]
[Result "1-0"]
[WhiteElo "2608"]
[BlackElo "2533"]
[PlyCount "61"]
[EventDate "2022.07.26"]
[EventType "swiss (blitz)"]
[EventRounds "11"]
[EventCountry "USA"]
[SourceTitle "EXT 2023"]
[Source "ChessBase"]
[SourceDate "2022.10.05"]
[SourceVersion "1"]
[SourceVersionDate "2022.10.05"]
[SourceQuality "1"]

1. b3 d5 2. Bb2 Bg4 3. Nf3 Bxf3 4. exf3 e6 5. f4 Nf6 6. Nc3 $146 ({RR} 6. g3 Be7 7. Bg2 O-O 8. O-O c5 9. d3 Nc6 10. Nd2 a5 11. a4 Qb6 12. Qe2 Rac8 13. Nf3 Rfe8 14. Ne5 Nd4 15. Qd2 Qc7 16. Rfe1 Red8 17. Bc3 b6 18. Qc1 Nd7 19. Qb2 Nxe5 20. fxe5 Nc6 {Perez Bolanos,D (1956)-Narciso Dublan,M (2502) Linares 2020 ½-½ (43)}) ({RR} 6. g3 g6 7. Bg2 Bg7 8. O-O O-O 9. d3 c5 10. Nd2 Nc6 11. c3 Qd6 12. Nf3 b5 13. Qe2 Nd7 14. d4 cxd4 15. cxd4 Rab8 16. Ne5 Rfc8 17. Rfc1 Ndxe5 18. fxe5 Qb4 19. Qd1 Bh6 20. Rc5 Bf8 {Aravindh,C (2645)-Makarian,R (2541) chess.com INT 2023 0-1 (61)}) ({RR} 6. Be2 g6 7. O-O Bg7 8. d3 O-O 9. Nd2 c5 10. g3 Nc6 11. Nf3 Nd7 12. Bxg7 Kxg7 13. h4 Qf6 14. c4 a6 15. h5 b5 16. Kg2 Rfd8 17. cxd5 exd5 18. Nh2 Nd4 19. h6+ Kg8 20. Ng4 Qd6 {Erdogmus,Y (2618)-Barria Zuniga,D (2341) chess.com INT 2025 1-0 (53)}) ({RR} 6. g3 g6 7. Bg2 Bg7 8. O-O O-O 9. d3 c5 10. Nd2 Nc6 11. Nf3 Nd7 12. Bxg7 Kxg7 13. Qd2 Qf6 14. c3 Rac8 15. Rfe1 b5 16. c4 bxc4 17. dxc4 Nb6 18. cxd5 exd5 19. Ne5 Rfd8 20. Rac1 Nxe5 {Gyenes,M (2205)-Makarian,R (2525) chess.com INT 2024 0-1 (68)}) 6... g6 7. Nxd5 exd5 8. Qe2+ Kd7 9. g3 Qe7 10. Bh3+ Kd8 11. Bxf6 Qxf6 12. O-O c6 13. c4 d4 14. Rfe1 Bd6 15. b4 Bxb4 16. Rab1 a5 17. a3 Na6 18. axb4 Nxb4 19. Qg4 Qd6 20. c5 Qd5 21. Re5 f5 22. Qg5+ Kc8 23. Rxd5 Nxd5 24. Bg2 Nc7 25. Qf6 Rd8 26. Rxb7 Kxb7 27. Qxc6+ Kc8 28. Qb7+ Kd7 29. Bc6+ Ke6 30. Qxc7 Rac8 31. Bd7+ 1-0

[Event "Olympiad-44"]
[Site "Chennai"]
[Date "2022.08.03"]
[Round "6.4"]
[White "Bosiocic, Marin"]
[Black "Terry, Renato"]
[Result "1-0"]
[WhiteElo "2549"]
[BlackElo "2502"]
[PlyCount "101"]
[EventDate "2022.07.29"]
[EventType "team-swiss"]
[EventRounds "11"]
[EventCountry "IND"]
[SourceTitle "EXT 2023"]
[Source "ChessBase"]
[SourceDate "2022.10.05"]
[SourceVersion "1"]
[SourceVersionDate "2022.10.05"]
[SourceQuality "1"]
[WhiteTeam "Croatia"]
[BlackTeam "Peru"]
[WhiteTeamCountry "CRO"]
[BlackTeamCountry "PER"]

1. Nf3 d5 2. g3 Nf6 3. Bg2 c6 4. O-O Bg4 5. d3 Nbd7 6. h3 Bh5 7. c4 dxc4 8. dxc4 e5 9. Nc3 Be7 10. Nh4 Bg6 11. Nxg6 hxg6 12. Rb1 a5 13. a3 Nb6 14. b3 $146 ({RR} 14. Qxd8+ Rxd8 15. b3 Nfd7 16. Na4 Nxa4 17. bxa4 Nc5 18. Be3 Rd7 19. Bxc5 Bxc5 20. Rxb7 Rxb7 21. Bxc6+ Ke7 22. Bxb7 Rxh3 23. e3 Rh8 24. Rd1 Rd8 25. Bd5 Bxa3 26. Kg2 f5 27. g4 Kf6 28. Kg3 e4 {Camacho Collados,J (2405)-Matnadze,A (2406) Linares 2022 ½-½ (36)}) 14... Qd7 15. Be3 Qxd1 16. Rfxd1 Nfd7 17. Ne4 Bxa3 18. c5 Nd5 19. Nd6+ Ke7 20. Bxd5 cxd5 21. Rxd5 Ke6 22. Rbd1 Nf6 23. R5d3 Rxh3 24. Bg5 e4 25. R3d2 Rah8 26. Bh4 R8xh4 27. gxh4 Bxc5 28. Nxb7 Bb4 29. Nd8+ Kf5 30. Rc2 e3 31. f3 Rxh4 32. Nxf7 Nh5 33. Nd6+ Ke6 34. Nc4 Nf4 35. Nxe3 Rh5 36. Ng4 Rb5 37. Rc6+ Ke7 38. Rc7+ Ke6 39. e3 Ne2+ 40. Kf2 Nc3 41. Rd3 Nd5 42. Rxg7 Ne7 43. f4 Rh5 44. Ne5 Kf6 45. Rf7+ Ke6 46. Rf8 g5 47. Nf3 gxf4 48. Rxf4 Bc5 49. Rh4 Rf5 50. Ke2 Kf6 51. e4 1-0